000 00970nam a2200277Ia 4500
003 OSt
005 20220918170250.0
006 a|||||r|||| 00| 0
007 ta
008 220917b |||||||| |||| 00| 0 eng d
020 _a9780081005644 (pbk)
_c 78.95
024 _a317,295
037 _b3013, 10/03/2017, The Book Seller
_cTextual
040 _aARTS
_cARTS
_beng
041 _2eng
_aeng
082 _a2:(D65,8(B)):8, Q6
100 _aNazim Mohammad Au.
_927952
245 0 _aKnowledge management in libraries
_b concept tools and approaches
260 _aAmsterdam
_bElsevier Netherlands
_c2016
300 _axix, 292p.
_ccm.
490 _aChandos information professional series
650 _aKNOWLEDGE MANAGEMENT; LIBRARY SCIENCE
_927953
700 _a Mukherjee Bhaskar Au.
_927954
942 _h2:(D65,8(B)):8, Q6
_cTEXL
_2CC
999 _c133299
_d133299